• 首页
  • 本馆介绍
  • 公告通知
  • 最新文献
  • 馆藏检索
  • 电子资源
  • 读者导购
  • 参考咨询
  • 我的图书馆
  • 登录
  • 详细信息显示
  • 放入我的书架
  • 预约/预借图书
  • 作者相关作品
  • 分类相关作品
  • 丛书相关作品
  • 出版社相关作品

书目信息

  • 表格格式
  • 工作单格式
  • 卡片格式
题名:
平衡物性的推算
    
 
作者: 斋藤正三郎 著 ;蒋伟川 译
分册:  
出版信息: 上海   上海科学技术文献出版社  1985
页数: 222页
开本: 19cm
丛书名:
单 册:
中图分类: TQ021.2
科图分类:
主题词: 混合物-平衡性质--数据--计算 , 平衡性质-混合物--数据--计算
电子资源:
ISBN: 15192.390
000 00765nam0 2200253 450
001 0185022154
005 20100712221431.0
010    @a15192.390@dCNY1.55
091    @a15192.390
100    @a19880421d1985 em y0chiy0110 ea
101 1  @achi@cjpn
102    @aCN@b310000
105    @ay z 000yy
106    @ar
200 1  @a平衡物性的推算@9Ping Heng Wu Xing De;Di Tui Suan @f(日)斋藤正三郎著@g蒋伟川译
210    @a上海@c上海科学技术文献出版社@d1985
215    @a222页@d19cm
606 0  @a混合物-平衡性质@x数据@x计算
606 0  @a平衡性质-混合物@x数据@x计算
690    @aTQ021.2@v3
701  1 @a斋藤正三郎@9zhai teng zheng san lang@4著
702  0 @a蒋伟川@9jiang wei chuan@4译
801  0 @aCN@bAzMarc@c20130904
905    @aBZT@dTQ021.2@e1@f11@sTQ021.2/1
    
    平衡物性的推算/(日)斋藤正三郎著/蒋伟川译.-上海:上海科学技术文献出版社,1985
    222页;19cm
    
    
    ISBN 15192.390:CNY1.55
    
●
相关链接 在五车中查询图书 在当当中查询图书 在豆瓣中查询图书


正题名:平衡物性的推算     索取号:TQ021.2/1         预约/预借

序号 登录号 条形码 馆藏地/架位号 状态 备注
1 2000045153   2000045153   旧书回溯/ [索取号:TQ021.2/1] 在馆    
2 2000147196   2000147196   旧书回溯/ [索取号:TQ021.2/1] 在馆    
3 2000147197   2000147197   旧书回溯/ [索取号:TQ021.2/1] 在馆    
4 2000147198   2000147198   旧书回溯/ [索取号:TQ021.2/1] 在馆    
5 2000147199   2000147199   旧书回溯/ [索取号:TQ021.2/1] 在馆    
6 2000147200   2000147200   旧书回溯/ [索取号:TQ021.2/1] 在馆    
7 2000147201   2000147201   旧书回溯/ [索取号:TQ021.2/1] 在馆    
8 2000147202   2000147202   旧书回溯/ [索取号:TQ021.2/1] 在馆    
9 2000147203   2000147203   旧书回溯/ [索取号:TQ021.2/1] 在馆    
10 2000147204   2000147204   旧书回溯/ [索取号:TQ021.2/1] 在馆    
11 2000147205   2000147205   旧书回溯/ [索取号:TQ021.2/1] 在馆    
山东省滨州职业学院图书馆 欢迎您!
大连网信软件有限公司© 版权所有